The Bucket List Family and the big adventure / ... Read More
Available copies
- 0 of 1 copy available at LARL/NWRL Consortium.
Current holds
0 current holds with 1 total copy.
Show Only Available Copies
| Location | Call Number / Copy Notes | Barcode | Shelving Location | Status | Due Date |
|---|---|---|---|---|---|
| Hallock Public Library | e BUC (Text) | 35500006920886 | New | Checked out | 06/11/2026 |
Record details
- ISBN: 9781426378300
- ISBN: 1426378300
- ISBN: 9781426378065
- ISBN: 1426378068
- Physical Description: 48 unnumbered pages : colour illustrations, color ... Read More
- Edition: First edition.
- Publisher: New York, NY : Disney Hyperion, 2025.
- Copyright: ©2025
Content descriptions
| Summary, etc.: | This inspiring story from the celebrated Bucket ... Read More |
Search for related items by subject
| Genre: | Picture books. |
| LDR | 03582cam a2200625 i 4500 | ||
|---|---|---|---|
| 001 | 480196 | ||
| 003 | LARL_NWRL_CONSORTIUM | ||
| 005 | 20260205161510.0 | ||
| 008 | 250723s2025 nyuab j 000 0 eng d | ||
| 040 | . | ‡aTOH ‡beng ‡erda ‡cTOH ‡dOCLCO ‡dK#T ‡dUUC ‡dOCLCO ‡dZGW ‡dJBI ‡dLF3 ‡dIG# | |
| 020 | . | ‡a9781426378300 ‡q(library binding) | |
| 020 | . | ‡a1426378300 ‡q(library binding) | |
| 020 | . | ‡a9781426378065 ‡q(hardcover) | |
| 020 | . | ‡a1426378068 ‡q(hardcover) | |
| 035 | . | ‡a(OCoLC)1547924646 | |
| 092 | . | ‡aJ910 ‡bBuc | |
| 245 | 0 | 0. | ‡aThe Bucket List Family and the big adventure / ‡cBucket List Studios LTD |
| 246 | 3 | . | ‡aBucket List Family & the big adventure |
| 250 | . | ‡aFirst edition. | |
| 264 | 1. | ‡aNew York, NY : ‡bDisney Hyperion, ‡c2025. | |
| 264 | 4. | ‡c©2025 | |
| 300 | . | ‡a48 unnumbered pages : ‡bcolour illustrations, color maps ; ‡c27 cm | |
| 336 | . | ‡atext ‡btxt ‡2rdacontent | |
| 336 | . | ‡astill image ‡bsti ‡2rdacontent | |
| 337 | . | ‡aunmediated ‡bn ‡2rdamedia | |
| 338 | . | ‡avolume ‡bnc ‡2rdacarrier | |
| 520 | . | ‡aThis inspiring story from the celebrated Bucket List Family--globe-trotters who have visited more than 100 countries and counting--encourages young readers and their families to seek adventure and create special memories wherever they are. Dorothy Gee loves adventure days with her family. They're the days she, her younger brothers, and her mom and dad spend time together dreaming up adventures big and small--like flying an airplane over the Pyramids at Giza and soaring above the Nile. But as their family life gets busier and busier, they find less time to play adventure. Then one Saturday, her life changes forever: Mom and Dad roll out a map and ask Dorothy and her brothers, "Where should we go this time?" Their minds run wild: Go sledding down a mountain! Practice cannonballs in a lake! Eat pizza in Italy! See hippos on safari in Tanzania! The biggest surprise comes next: "What if we make these adventures happen, for real?" Heartwarming and wholesome, this charmingly illustrated tale of one imaginative family will inspire others to find joy in play, dream big, and most important, find new ways to make memories together. | |
| 650 | 0. | ‡aTravel ‡vJuvenile literature. | |
| 650 | 0. | ‡aFamily recreation ‡vJuvenile literature. | |
| 650 | 0. | ‡aChildren ‡xTravel ‡vJuvenile literature. | |
| 650 | 0. | ‡aFamily vacations ‡vJuvenile literature. | |
| 650 | 0. | ‡aTravel ‡vJuvenile fiction. | |
| 650 | 0. | ‡aFamily recreation ‡vJuvenile fiction. | |
| 650 | 0. | ‡aChildren ‡xTravel ‡vJuvenile fiction. | |
| 650 | 0. | ‡aFamily vacations ‡vJuvenile fiction. | |
| 650 | 1. | ‡aTravel. ‡0(LARL_NWRL_CONSORTIUM)32980 | |
| 650 | 1. | ‡aImagination. ‡0(LARL_NWRL_CONSORTIUM)22730 | |
| 650 | 1. | ‡aFamily life. ‡0(LARL_NWRL_CONSORTIUM)175986 | |
| 650 | 7. | ‡aJUVENILE FICTION / Travel. ‡2bisacsh | |
| 650 | 7. | ‡aJUVENILE FICTION / Family / General. ‡2bisacsh | |
| 650 | 7. | ‡aJUVENILE FICTION / Action & Adventure / General. ‡2bisacsh | |
| 655 | 7. | ‡aPicture books. ‡2lcgft | |
| 710 | 2 | . | ‡aBucket List Studios |
| 901 | . | ‡a480196 ‡bAUTOGEN ‡c480196 ‡tbiblio | |

Add to basket
Permalink
Disable Highlighting